The single experience. (Record no. 14778)

000 -LEADER
fixed length control field 00650nam a2200217 a 4500
001 - CONTROL NUMBER
control field :::00012612$&:&@@
003 - CONTROL NUMBER IDENTIFIER
control field OkBaRHE
005 - DATE AND TIME OF LATEST TRANSACTION
control field 20000607103421.0
008 - FIXED-LENGTH DATA ELEMENTS--GENERAL INFORMATION
fixed length control field s1981 j 000 0 eng u
020 ## - INTERNATIONAL STANDARD BOOK NUMBER
International Standard Book Number 084990286X
040 ## - CATALOGING SOURCE
Transcribing agency
100 1# - MAIN ENTRY--PERSONAL NAME
Personal name Miller, Keith and Miller, Andrea Wells.
245 14 - TITLE STATEMENT
Title The single experience.
260 ## - PUBLICATION, DISTRIBUTION, ETC. (IMPRINT)
Place of publication, distribution, etc Waco, TX., :
Name of publisher, distributor, etc Word Books
Date of publication, distribution, etc c1981
300 ## - PHYSICAL DESCRIPTION
Extent 262 p. ;
Dimensions 23 cm.
650 ## - SUBJECT ADDED ENTRY--TOPICAL TERM
Topical term or geographic name as entry element Single People
650 ## - SUBJECT ADDED ENTRY--TOPICAL TERM
Topical term or geographic name as entry element Single People
General subdivision Religious Life
700 ## - ADDED ENTRY--PERSONAL NAME
Personal name Miller, Andrea Wells.
942 ## - ADDED ENTRY ELEMENTS (KOHA)
Source of classification or shelving scheme
Koha item type Books
Copies
Withdrawn status Date last seen Not for loan Full call number Price effective from Date acquired Lost status Source of classification or shelving scheme Koha item type Barcode Shelving location Permanent Location Damaged status Copy number
 2010-04-14 HQ 800 .M482010-04-142010-04-14  Books12612General StacksRHEMA Bible Training College 1